<?xml version="1.0" encoding="UTF-8"?>
<record
    xmlns:xsi="http://www.w3.org/2001/XMLSchema-instance"
    xsi:schemaLocation="http://www.loc.gov/MARC21/slim http://www.loc.gov/standards/marcxml/schema/MARC21slim.xsd"
    xmlns="http://www.loc.gov/MARC21/slim">

  <leader>01219nam a2200277 a 4500</leader>
  <controlfield tag="001">BRCA_8467</controlfield>
  <controlfield tag="005">20190320210309.0</controlfield>
  <controlfield tag="008">130116s2009----mx-a######---#000-0#spa-#</controlfield>
  <datafield tag="020" ind1=" " ind2=" ">
    <subfield code="a">9786070020544</subfield>
  </datafield>
  <datafield tag="041" ind1=" " ind2=" ">
    <subfield code="a">spa</subfield>
  </datafield>
  <datafield tag="044" ind1=" " ind2=" ">
    <subfield code="a">mx</subfield>
  </datafield>
  <datafield tag="050" ind1=" " ind2="4">
    <subfield code="a">NA5256.Y8</subfield>
    <subfield code="b">.G37 2009</subfield>
  </datafield>
  <datafield tag="100" ind1="1" ind2=" ">
    <subfield code="a">Garc&#xED;a-Pimentel, Carmen Cusi de</subfield>
    <subfield code="d">1927-2008</subfield>
    <subfield code="9">21205</subfield>
  </datafield>
  <datafield tag="245" ind1="1" ind2="0">
    <subfield code="a">Iglesias de los Mayas</subfield>
    <subfield code="b">edificios religiosos de la Pen&#xED;nsula de Yucat&#xE1;n desde el siglo XVI</subfield>
    <subfield code="c">texto por Carmen Cusi de Garc&#xED;a-Pimentel ; fotograf&#xED;as por J.B. Johnson.</subfield>
  </datafield>
  <datafield tag="260" ind1=" " ind2=" ">
    <subfield code="a">M&#xE9;xico</subfield>
    <subfield code="b">El Autor</subfield>
    <subfield code="c">2009</subfield>
  </datafield>
  <datafield tag="300" ind1=" " ind2=" ">
    <subfield code="a">170 p.</subfield>
    <subfield code="b">il. a color</subfield>
    <subfield code="c">33 cm.</subfield>
  </datafield>
  <datafield tag="500" ind1=" " ind2=" ">
    <subfield code="a">Incluye glosario e &#xED;ndice alfab&#xE9;tico</subfield>
  </datafield>
  <datafield tag="500" ind1=" " ind2=" ">
    <subfield code="a">Incluye compendio de las iglesias de la pen&#xED;nsula de Yucat&#xE1;n con localizaci&#xF3;n en los estados de Campeche, Quintana Roo y Yucat&#xE1;n</subfield>
  </datafield>
  <datafield tag="504" ind1=" " ind2=" ">
    <subfield code="a">Bibliograf&#xED;a : p. 165</subfield>
  </datafield>
  <datafield tag="650" ind1="1" ind2="4">
    <subfield code="a">Arquitectura de iglesias</subfield>
    <subfield code="x">Obras ilustradas</subfield>
    <subfield code="z">Yucat&#xE1;n</subfield>
    <subfield code="9">21206</subfield>
  </datafield>
  <datafield tag="650" ind1="1" ind2="4">
    <subfield code="a">Arquitectura religiosa</subfield>
    <subfield code="x">Obras ilustradas</subfield>
    <subfield code="z">Yucat&#xE1;n</subfield>
    <subfield code="9">21207</subfield>
  </datafield>
  <datafield tag="650" ind1="1" ind2="4">
    <subfield code="a">Arquitectura colonial</subfield>
    <subfield code="x">Obras ilustradas</subfield>
    <subfield code="z">Yucat&#xE1;n</subfield>
    <subfield code="9">21208</subfield>
  </datafield>
  <datafield tag="650" ind1="1" ind2="4">
    <subfield code="a">Iglesias</subfield>
    <subfield code="v">Obras ilustradas</subfield>
    <subfield code="x">Decoraci&#xF3;n y ornamentaci&#xF3;n</subfield>
    <subfield code="z">Yucat&#xE1;n</subfield>
    <subfield code="9">21209</subfield>
  </datafield>
  <datafield tag="700" ind1="1" ind2=" ">
    <subfield code="a">Johnson, J.B.</subfield>
    <subfield code="e">il.</subfield>
    <subfield code="9">21210</subfield>
  </datafield>
  <datafield tag="942" ind1=" " ind2=" ">
    <subfield code="2">lcc</subfield>
    <subfield code="c">B</subfield>
  </datafield>
  <datafield tag="999" ind1=" " ind2=" ">
    <subfield code="c">8134</subfield>
    <subfield code="d">8134</subfield>
  </datafield>
  <datafield tag="952" ind1=" " ind2=" ">
    <subfield code="0">0</subfield>
    <subfield code="1">0</subfield>
    <subfield code="4">0</subfield>
    <subfield code="7">0</subfield>
    <subfield code="a">BRCA</subfield>
    <subfield code="b">BRCA</subfield>
    <subfield code="d">2016-01-13</subfield>
    <subfield code="l">0</subfield>
    <subfield code="o">NA5256.Y8 .G37 2009</subfield>
    <subfield code="p">02904</subfield>
    <subfield code="r">2019-03-22 00:00:00</subfield>
    <subfield code="w">2019-03-22</subfield>
    <subfield code="y">B</subfield>
  </datafield>
</record>
